| 000 | 00734cam a22002053a 4500 | ||
|---|---|---|---|
| 001 | 45631 | ||
| 003 | PGUSA | ||
| 005 | 20140828084045.0 | ||
| 008 | 140511s2014||||xxu|||||s|||||000 | eng d | ||
| 040 |
_aPGUSA _beng |
||
| 042 | _adc | ||
| 100 | 1 | _aNorthup, Solomon | |
| 245 | 1 | 0 |
_aTwelve Years a Slave : _bNarrative of Solomon Northup, a Citizen of New-York, Kidnapped in Washington City in 1841, and Rescued in 1853, from a Cotton Plantation near the Red River in Louisiana _h[electronic resource] / _cSolomon Northup |
| 260 |
_bProject Gutenberg, _c2014 |
||
| 506 | _aPublic domain in the USA. | ||
| 516 | _aElectronic text | ||
| 830 | 0 |
_aProject Gutenberg _v45631 |
|
| 856 | 4 | 0 | _uhttp://www.gutenberg.org/ebooks/45631 |
| 942 | _cEB | ||
| 999 |
_c274881 _d274881 |
||